Statistics for Merged Titles of Famous Novels Quiz

Click here to take the quiz!

General Stats

  • This quiz has been taken 19 times
  • The average score is 19 of 24

Answer Stats

Answer % Correct
War and Peace
100%
The Catcher in the Rye
100%
Leo Tolstoy
100%
Of Mice and Men
100%
Wuthering Heights
100%
Great Expectations
94%
Charles Dickens
94%
Emily Brontë
94%
Animal Farm
94%
George Orwell
94%
Uncle Tom's Cabin
94%
Madame Bovary
88%
John Steinbeck
82%
Lord of the Flies
76%
The Divine Comedy
76%
J. D. Salinger
71%
Harriet Beecher Stowe
71%
Dante Alighieri
65%
The Brothers Karamazov
65%
As I Lay Dying
59%
William Golding
59%
Gustave Flaubert
53%
Fyodor Dostoevsky
53%
William Faulkner
41%

Score Distribution

Percentile by Number Answered

Percent of People with Each Score

Your Score History

You have not taken this quiz